Ordinary things : poems from a walk in early spring /

A collection of poems recall the sights and feelings experienced on a springtime walk--from home, through the woods, and back again.

Bibliographic Details
Main Author: Fletcher, Ralph J.
Other Authors: Krudop, Walter Lyon, 1966- (Illustrator)
Format: Book
Language:English
Published: New York, NY : Atheneum Books for Young Readers, [1997]
Edition:1st ed.
Subjects:

MARC

Tag First Indicator Second Indicator Subfields
LEADER 00000cam a2200000 a 4500
001 in00001404875
005 20151020064035.0
008 960131s1997 nyua j 000 0 eng
010 |a  96003393  
020 |a 0689810350 
035 |a (OCoLC)34244644 
035 |9 AHP4380AM 
040 |a DLC  |c DLC  |d TXA  |d UtOrBLW 
049 |a TXAM 
050 0 0 |a PS3556.L523  |b O73 1997 
082 0 0 |a 811/.54  |2 20 
100 1 |a Fletcher, Ralph J. 
245 1 0 |a Ordinary things :  |b poems from a walk in early spring /  |c by Ralph Fletcher ; drawings by Walter Lyon Krudop. 
250 |a 1st ed. 
264 1 |a New York, NY :  |b Atheneum Books for Young Readers,  |c [1997] 
264 4 |c ©1997 
300 |a 48 pages :  |b illustrations ;  |c 22 cm. 
336 |a text  |b txt  |2 rdacontent 
337 |a unmediated  |b n  |2 rdamedia 
338 |a volume  |b nc  |2 rdacarrier 
520 |a A collection of poems recall the sights and feelings experienced on a springtime walk--from home, through the woods, and back again. 
650 0 |a Nature  |v Juvenile poetry. 
650 0 |a Spring  |x Juvenile poetry. 
650 0 |a Children's poetry, American. 
650 1 |a American poetry. 
650 1 |a Nature  |x Poetry. 
650 1 |a Spring  |x Poetry. 
700 1 |a Krudop, Walter Lyon,  |d 1966-  |e illustrator. 
948 |a c:ce 
999 |a MARS 
999 f f |s f6f10506-36d8-398d-8ccf-7592e10c5a0f  |i c8fadf17-97fe-30de-b8df-01cac5c48508  |t 0 
952 f f |p normal  |a Texas A&M University  |b College Station  |c Sterling C. Evans Library  |d Evans: Curriculum Collection (4th floor)  |t 0  |e PS3556.L523 O73 1997  |h Library of Congress classification  |i unmediated -- volume  |m A14823400802 
998 f f |a PS3556.L523 O73 1997  |t 0  |l Evans: Curriculum Collection (4th floor)